000 00277nam a22001337a 4500
005 20160629110816.0
008 160629b xxu||||| |||| 00| 0 eng d
041 _aeng
082 _b10981
245 _aPower of Illustration
260 _bWabcom
300 _a157
942 _cBK
999 _c4587
_d4585